000 00538nam a2200181Ia 4500
003 GCL
005 20240530105425.0
008 140319s9999 xx 000 0 ara d
040 _aGCL /
_cGCL
082 0 4 _a818.03
_bا ل
100 1 _aاحمد الجندى
245 1 0 _aلهو الايام: مذكرات /
_cاحمد الجندى
260 _a[S.N] :
_bرياض الريس للكتب والنشر ،
_c1991
300 _a367 ص
650 0 4 _aالادب العربى
650 0 4 _aالتراجم الذاتية
942 _2ddc
_cBK
999 _c55916
_d55916